zpět

Detail výsledku týmu

Pod Věží, Pelhřimov

Datum a čas kvízu

31 Celkem bodů Celkový počet nahraných bodů na tomto kvízu bez doplňovacích otázek.
7. Pořadí na kvízu Konečné umístění týmu na tomto kvízu.

Zaznamenané odpovědi

# Otázka Odpověď Body Výsledky
1. Generálním ředitelem Úřadu prá... (Roman) Chlopčík 0
2. Koho si vybral Kim Čong-un jak... A 1
3. Napište jméno skotského herce... Iain Glen; Hra o trůny 0.5
4. Média minulý týden informovala... z Lisabonu 1
5. Fanoušek Manchesteru United, F... C) ostříhat si vlasy 1
6. Hned v úvodu bod rozdělíme: za... Ulánbátar; Altaj 1
7. Z následujících možností vyber... A 0
8. Jak se jmenuje hudební skupina... The Hu 1
9. Které náboženství je v Mongols... buddhismus (lamaismus) 1
10. Jak se jmenuje česká spisovate... Petra Hůlová 0